[Event "42nd Arco Festival 2020"]
[Site "Arco"]
[Date "2020.10.12"]
[Round "3.3"]
[White "Molina, Fabrizio"]
[Black "Mantovani, Renzo"]
[Result "0-1"]
[WhiteElo "2181"]
[BlackElo "2294"]
[Annotator "NA"]
[PlyCount "76"]
[EventDate "2020.10.10"]
[EventType "swiss"]
[EventCountry "ITA"]
[SourceTitle "playchess.com"]
[Source "ChessBase"]
[SourceQuality "1"]
[TimeControl "40/5400+30:1800+30"]

1. c4 e5 2. g3 Nf6 3. Bg2 Nc6 4. a3 g6 5. Nc3 Bg7 6. d3 O-O 7. e4 a5 8. Nge2 d6 9. O-O Nd7 10. f4 exf4 11. gxf4 Nd4 12. Be3 Nxe2+ $11 13. Nxe2 Bxb2 14. Ra2 Bg7 15. Ng3 Qh4 16. f5 Bh6 17. Bxh6 Qxh6 18. Raf2 Ne5 19. Qe2 c5 20. Rf4 Bd7 21. h4 b5 22. d4 cxd4 23. cxb5 d3 24. Qb2 d2 25. Qxd2 Bxb5 26. Qxd6 Bxf1 27. Qxe5 Bxg2 28. fxg6 hxg6 29. Kxg2 Rae8 30. Qd6 Rd8 31. Qc7 Rd2+ 32. Kh3 Rd3 33. a4 Rd4 34. Rg4 Rxa4 35. Rg5 Qg7 36. Nh5 Ra3+ 37. Kh2 Qb2+ 38. Rg2 Qb8 0-1

[Event "42nd Arco Festival 2020"]
[Site "Arco"]
[Date "2020.10.12"]
[Round "3.4"]
[White "Vezzosi, Paolo"]
[Black "Perestjuk, Marko"]
[Result "0-1"]
[WhiteElo "2262"]
[BlackElo "2124"]
[Annotator "NA"]
[PlyCount "47"]
[EventDate "2020.10.10"]
[EventType "swiss"]
[EventCountry "ITA"]
[SourceTitle "playchess.com"]
[Source "ChessBase"]
[SourceQuality "1"]
[TimeControl "40/5400+30:1800+30"]

1. Nf3 d5 2. g3 g6 3. Bg2 Bg7 4. O-O e5 5. d3 Ne7 6. e4 O-O 7. exd5 Nxd5 8. Nbd2 Nc6 9. Re1 Re8 10. Nc4 $11 Bf5 11. Ng5 Nb6 12. Bxc6 bxc6 13. Na5 Qd5 14. Bd2 Rad8 15. Ne4 Bh3 16. f3 Bc8 17. Nf2 c5 18. b3 f5 19. Bc3 Nd7 20. Qe2 Nf8 21. Nc4 Bb7 22. Bxe5 Nd7 23. d4 cxd4 24. Nd3 0-1

[Event "42nd Arco Festival 2020"]
[Site "Arco"]
[Date "2020.10.12"]
[Round "3.5"]
[White "Rozman, Monika"]
[Black "Felgendreher, Heiko"]
[Result "1-0"]
[WhiteElo "2129"]
[BlackElo "2230"]
[Annotator "NA"]
[PlyCount "105"]
[EventDate "2020.10.10"]
[EventType "swiss"]
[EventCountry "ITA"]
[SourceTitle "playchess.com"]
[Source "ChessBase"]
[SourceQuality "1"]
[TimeControl "40/5400+30:1800+30"]

1. e4 c5 2. Nf3 d6 3. d4 cxd4 4. Nxd4 Nf6 5. Nc3 a6 6. Be3 e5 7. Nf3 Be7 8. Bc4 Be6 $11 9. Bb3 O-O 10. O-O Nc6 11. Qe2 Na5 12. Rfd1 Nxb3 13. cxb3 Qa5 14. Bg5 Rfd8 15. Bxf6 Bxf6 16. Nd5 Rac8 17. Qe3 Bxd5 18. Rxd5 Rc5 19. Rd2 d5 20. Ne1 d4 21. Qe2 Bg5 22. Rc2 Rdc8 23. Rxc5 Qxc5 24. g3 g6 25. Nd3 Qb5 26. Qg4 Re8 27. Rd1 f6 28. h4 Bh6 29. h5 Kf7 30. Kg2 Bg5 31. Ne1 Ke7 32. Nf3 gxh5 33. Qf5 h6 34. Nxg5 hxg5 35. Rc1 Qd7 36. Qh7+ Kd6 37. Qxh5 Rc8 38. Rxc8 Qxc8 39. Qf7 f5 40. Qd5+ Ke7 41. Qxe5+ Qe6 42. Qxf5 Qxf5 43. exf5 g4 44. f4 Kf6 45. Kf2 Kxf5 46. Ke2 Ke4 47. b4 d3+ 48. Kd2 Kd4 49. f5 Ke5 50. Kxd3 Kxf5 51. Kd4 b6 52. Kd5 b5 53. Kd4 1-0

[Event "42nd Arco Festival 2020"]
[Site "Arco"]
[Date "2020.10.12"]
[Round "3.6"]
[White "Calavalle, Giulio"]
[Black "Decker, Nils"]
[Result "1-0"]
[WhiteElo "2229"]
[BlackElo "2080"]
[Annotator "NA"]
[PlyCount "109"]
[EventDate "2020.10.10"]
[EventType "swiss"]
[EventCountry "ITA"]
[SourceTitle "playchess.com"]
[Source "ChessBase"]
[SourceQuality "1"]
[TimeControl "40/5400+30:1800+30"]

1. e4 e6 2. d4 d5 3. Nc3 Bb4 4. e5 c5 5. a3 Ba5 6. b4 cxd4 7. Nb5 Bc7 8. f4 Bd7 9. Nxd4 Nc6 10. Ngf3 Nge7 11. Bb2 Nxd4 12. Nxd4 $11 Bb6 13. Bd3 g5 14. f5 Qb8 15. Qe2 Bxd4 16. Bxd4 Nc6 17. fxe6 Bxe6 18. Bb2 d4 19. O-O a6 20. Rae1 Qc7 21. Bf5 O-O-O 22. Bxe6+ fxe6 23. Qg4 Kb8 24. Qxe6 Rhe8 25. Qc4 Nxe5 26. Qxc7+ Kxc7 27. Re4 Nc4 28. Rxe8 Rxe8 29. Rf7+ Kc6 30. Bxd4 Nxa3 31. c3 Nb5 32. Bf6 Re6 33. Bxg5 Nxc3 34. Rxh7 Re1+ 35. Kf2 Rb1 36. Be7 Nd5 37. g4 Rb2+ 38. Kg3 Rb3+ 39. Kh4 Nxe7 40. Rxe7 Rxb4 41. Kh5 Rb2 42. h4 a5 43. Re4 Rg2 44. g5 b5 45. g6 a4 46. Re6+ Kb7 47. Re3 Kb6 48. Kh6 b4 49. g7 a3 50. Re6+ Kb7 51. Re4 Kc6 52. Rxb4 a2 53. Ra4 Rh2 54. h5 Rg2 55. Rxa2 1-0

[Event "42nd Arco Festival 2020"]
[Site "Arco"]
[Date "2020.10.12"]
[Round "3.8"]
[White "Cardili, Mariano"]
[Black "Dittmar, Peter"]
[Result "0-1"]
[WhiteElo "2087"]
[BlackElo "2222"]
[Annotator "NA"]
[PlyCount "50"]
[EventDate "2020.10.10"]
[EventType "swiss"]
[EventCountry "ITA"]
[SourceTitle "playchess.com"]
[Source "ChessBase"]
[SourceQuality "1"]
[TimeControl "40/5400+30:1800+30"]

1. d4 Nf6 2. c4 e6 3. Nc3 Bb4 4. e3 O-O 5. Nf3 d5 6. Bd3 c5 7. O-O Nc6 8. a3 Bxc3 9. bxc3 dxc4 10. Bxc4 Qc7 11. Bd3 e5 12. Qc2 Re8 13. dxe5 Nxe5 14. Nxe5 $11 Rxe5 15. Re1 c4 16. Bf1 Bf5 17. Qb2 Ng4 18. g3 Re6 19. f3 Ne5 20. Qf2 Bd3 21. e4 Bxf1 22. Rxf1 Nd3 23. Qd4 b6 24. Bf4 Nxf4 25. gxf4 Rd8 0-1

[Event "42nd Arco Festival 2020"]
[Site "Arco"]
[Date "2020.10.12"]
[Round "3.9"]
[White "Poschadel, Andreas Gregor"]
[Black "Ruecker, Benjamin"]
[Result "1/2-1/2"]
[WhiteElo "1946"]
[BlackElo "2202"]
[Annotator "NA"]
[PlyCount "73"]
[EventDate "2020.10.10"]
[EventType "swiss"]
[EventCountry "ITA"]
[SourceTitle "playchess.com"]
[Source "ChessBase"]
[SourceQuality "1"]
[TimeControl "40/5400+30:1800+30"]

1. e4 c6 2. Nf3 d5 3. Nc3 dxe4 4. Nxe4 Nf6 5. Nxf6+ exf6 6. d4 Bd6 7. Be2 $11 O-O 8. O-O Bg4 9. Be3 Re8 10. Re1 Nd7 11. Qd2 Nf8 12. h3 Bh5 13. c3 f5 14. Bf4 Ng6 15. Bxd6 Qxd6 16. Nh2 Bxe2 17. Rxe2 Nf4 18. Rxe8+ Rxe8 19. Re1 Re4 20. f3 Rxe1+ 21. Qxe1 Qe6 22. Qd2 g5 23. a4 Qa2 24. h4 h6 25. hxg5 hxg5 26. g3 Ne6 27. Qc2 Qd5 28. Kf2 Kg7 29. Nf1 f4 30. g4 Qc4 31. Nd2 Qd5 32. Qe4 Qa2 33. Qc2 Qd5 34. Nf1 c5 35. Qf5 Qb3 36. d5 Qxb2+ 37. Kg1 1/2-1/2

[Event "42nd Arco Festival 2020"]
[Site "Arco"]
[Date "2020.10.12"]
[Round "3.10"]
[White "Perez Bolanos, David"]
[Black "Romanishin, Oleg M"]
[Result "0-1"]
[WhiteElo "2031"]
[BlackElo "2403"]
[Annotator "TA"]
[PlyCount "114"]
[EventDate "2020.10.10"]
[EventType "swiss"]
[EventCountry "ITA"]
[SourceTitle "playchess.com"]
[Source "ChessBase"]
[SourceQuality "1"]

{[%evp 21,114,41,69,13,31,-14,30,0,0,-9,7,0,0,0,16,0,16,-32,-27,-18,-6,-33,-27,-30,-32,-96,-58,-42,-44,-42,-44,-56,-58,-76,-56,-58,-65,-66,-66,-66,-66,-66,-47,-54,-47,-87,-47,-87,-24,-87,-63,-120,-120,-120,-87,-120,-120,-130,-65,-104,29999,-542,-399,-361,-146,-325,-25,-307,-146,-146,-91,-146,-146,-1561,-1052,-2048,-2003,-29980,-29981,-29987,-29982,-29999,-29982,-29981,-29982,-29980,-29981,-29984,-29985,-29985,-29986,-29986,-29987,-29986,-29987]} 1. e4 e5 2. Nf3 Nc6 3. Bb5 a6 4. Ba4 Nf6 5. O-O Be7 6. Re1 b5 7. Bb3 d6 8. c3 O-O 9. h3 a5 10. d4 a4 11. Bc2 Bd7 12. Bg5 {C92: Closed Ruy Lopez: 9...Be6, Karpov and Flohr-Zaitsev Variations.} (12. Na3 $14) 12... h6 $11 13. Bh4 Nh7 (13... Nh5 $5 {[%cal Re7h4]} 14. Bxe7 Qxe7 $11) 14. Bxe7 {White has an edge.} Qxe7 15. Nbd2 {[#]} Ng5 $146 ({Predecessor:} 15... Na5 16. b3 axb3 17. Nxb3 Nc4 18. d5 Ng5 19. Nbd2 Nb2 20. Qe2 Na4 21. Qe3 Nxf3+ 22. Nxf3 {0-1 (36) Nawaf,A (1386)-Laxman,R (2445) Dubai 2019}) 16. Nxg5 Qxg5 17. Nf3 Qe7 (17... Qg6 {is interesting.} 18. Kh1 Qf6 19. b3 axb3 20. Bxb3 Rfd8) 18. Qd3 Rfd8 19. dxe5 dxe5 20. Qe3 Be6 21. b3 axb3 22. axb3 b4 23. c4 (23. Rxa8 $15 Rxa8 24. Rd1) 23... Rxa1 24. Rxa1 Nd4 25. Nxd4 Rxd4 26. Rd1 c5 27. Qc1 Qa7 28. Rd2 Qa2 29. Rxd4 cxd4 30. Qb1 Qxb1+ 31. Bxb1 $15 {[%mdl 4096] Endgame KB-KB} Kf8 32. Kf1 h5 33. Ke2 Ke7 34. Bd3 Kf6 (34... h4 $17) 35. Bb1 (35. h4 $1 $11) 35... Kg5 36. Kf3 (36. Bd3 $1 $15) 36... Bd7 $17 37. Bd3 g6 38. Bc2 f5 39. Bd3 Kh4 (39... Bc6 $17 40. g3 Kf6) 40. Bf1 g5 $2 {[%mdl 8192]} (40... Bc8 $17) 41. Bd3 $4 {[%mdl 8192]} (41. g3# {is the narrow road to win.}) 41... g4+ 42. hxg4 fxg4+ 43. Ke2 Bc6 $2 ({Black should play} 43... g3 $1 $19 44. Kf1 Bc6) 44. Ke1 $2 {[%mdl 8192] [#]} (44. g3+ $1 $11 {and White stays safe.} Kg5 45. Kf1) 44... Kg5 (44... g3 $1 $19 {and Black stays clearly on top.} 45. c5 Kg4) 45. Ke2 Be8 (45... h4 $142 46. g3 h3) 46. Ke1 {[#]} (46. g3 $142) 46... h4 $1 {[%cal Rh4h3] ...h3 is the strong threat.} 47. Bf1 $2 {[%mdl 8192]} (47. g3 $17) 47... Bd7 48. Ke2 h3 49. gxh3 gxh3 {Black mates.} 50. Kf3 Kh4 {[%csl Gh4][%cal Rd7g4]} 51. Be2 Bc6 52. Bf1 Be8 {[%cal Re8h5]} 53. Ke2 Bh5+ 54. Kd3 Bf3 55. Bxh3 Kxh3 56. c5 Kg2 57. c6 Kxf2 {Accuracy: White = 45%, Black = 67%.} 0-1

[Event "42nd Arco Festival 2020"]
[Site "Arco"]
[Date "2020.10.12"]
[Round "3.11"]
[White "Sedina, Elena"]
[Black "Fuochi, Tommaso"]
[Result "1-0"]
[WhiteElo "2299"]
[BlackElo "1992"]
[Annotator "NA"]
[PlyCount "62"]
[EventDate "2020.10.10"]
[EventType "swiss"]
[EventCountry "ITA"]
[SourceTitle "playchess.com"]
[Source "ChessBase"]
[SourceQuality "1"]
[TimeControl "40/5400+30:1800+30"]

1. e4 e6 2. d4 d5 3. Nc3 Bb4 4. e5 c5 5. Bd2 Ne7 $11 6. a3 Bd7 7. Qg4 Nbc6 8. Qd1 Bc8 9. Qg4 Bd7 10. Qd1 Bc8 11. Qg4 Bd7 12. Qd1 Bc8 13. Qg4 Bd7 14. Qd1 Bc8 15. Qg4 Bd7 16. Qd1 Bc8 17. Qg4 Bd7 18. Qd1 Bc8 19. Qg4 Bd7 20. Qd1 Bc8 21. Qg4 Bd7 22. Qd1 Bc8 23. Qg4 Bd7 24. Qd1 Bc8 25. Qg4 Bd7 26. Qd1 Bc8 27. Qg4 Bd7 28. Qd1 Bc8 29. Qg4 Bd7 30. Qd1 Bc8 31. Qg4 Bd7 1-0

[Event "42nd Arco Festival 2020"]
[Site "Arco"]
[Date "2020.10.12"]
[Round "3.12"]
[White "Trabattoni, Franco"]
[Black "Bergero, Simone"]
[Result "1/2-1/2"]
[WhiteElo "2246"]
[BlackElo "1961"]
[Annotator "NA"]
[PlyCount "24"]
[EventDate "2020.10.10"]
[EventType "swiss"]
[EventCountry "ITA"]
[SourceTitle "playchess.com"]
[Source "ChessBase"]
[SourceQuality "1"]
[TimeControl "40/5400+30:1800+30"]

1. d4 Nf6 2. Nf3 e6 3. g3 b5 4. Bg2 d5 5. O-O Bb7 6. Nbd2 Nbd7 7. a4 b4 8. c4 bxc3 9. bxc3 Ba6 10. Re1 Be7 11. Rf1 Bf8 12. Re1 c5 1/2-1/2

[Event "42nd Arco Festival 2020"]
[Site "Arco"]
[Date "2020.10.12"]
[Round "3.14"]
[White "Kostov, Deyan Samuil"]
[Black "Podetti, Davide"]
[Result "1/2-1/2"]
[WhiteElo "2065"]
[BlackElo "2190"]
[Annotator "ChessBase"]
[PlyCount "59"]
[EventDate "2020.10.10"]
[EventType "swiss"]
[EventCountry "ITA"]
[SourceTitle "playchess.com"]
[Source "ChessBase"]
[SourceQuality "1"]
[TimeControl "40/5400+30:1800+30"]

1. d4 d5 2. Bf4 Nf6 3. e3 e6 4. Nf3 Bd6 5. Bg3 O-O 6. Nbd2 c5 7. c3 Qc7 8. Ne5 c4 9. Be2 Nbd7 10. f4 b5 11. O-O Bb7 12. Bh4 Ne4 13. Nxe4 dxe4 14. Nxd7 Qxd7 15. b3 Bd5 16. a4 a6 17. b4 a5 18. bxa5 Rxa5 19. axb5 Qxb5 20. Rxa5 Qxa5 21. Qa1 Ra8 22. Qxa5 Rxa5 23. Rb1 Kf8 24. Kf1 Ke8 25. Be1 Ra2 26. Rd1 Bc7 27. Rd2 Ra1 28. Rd1 Ra2 29. Rd2 Ra1 30. Rd1 1/2-1/2

[Event "42nd Arco Festival 2020"]
[Site "Arco"]
[Date "2020.10.11"]
[Round "3.15"]
[White "Valenti, Giuseppe"]
[Black "Molina, Fabrizio"]
[Result "0-1"]
[WhiteElo "1906"]
[BlackElo "2181"]
[Annotator "ChessBase"]
[PlyCount "102"]
[EventDate "2020.10.10"]
[EventType "swiss"]
[EventCountry "ITA"]
[SourceTitle "playchess.com"]
[Source "ChessBase"]
[SourceQuality "1"]
[TimeControl "40/5400+30:1800+30"]

1. c4 e6 2. Nf3 d5 3. e3 c5 4. d4 Nc6 5. Nc3 Nf6 6. Bd3 Be7 7. a3 O-O 8. O-O b6 9. Re1 Bb7 10. cxd5 exd5 11. b3 Re8 12. Bb2 cxd4 13. exd4 Bd6 14. Qd2 Na5 15. Bc2 Ne4 16. Nxe4 dxe4 17. Ng5 Rc8 18. Nxe4 Bxe4 19. Rxe4 Rxe4 20. Bxe4 Nxb3 21. Qd3 Nxa1 22. Bxh7+ Kf8 23. Qh3 Rc7 24. Bd3 Qf6 25. Qh8+ Ke7 26. Bb5 Qf4 27. Qe8+ Kf6 28. d5+ Be5 29. Qd8+ Kg6 30. Bd3+ Kh5 31. g3 Qf6 32. Qh8+ Qh6 33. Qxh6+ Kxh6 34. Bxe5 Rc1+ 35. Kg2 Rd1 36. Be4 Nb3 37. Bb8 Nc5 38. Bf3 Rd3 39. Bxa7 Nd7 40. a4 Ra3 41. Bd1 Kg6 42. f4 Kf6 43. Bg4 Rxa4 44. Bxd7 Rxa7 45. Bb5 Ra5 46. Bc6 b5 47. Kf2 b4 48. Ke2 b3 49. Kd2 Rc5 50. Ba4 b2 51. Bc2 Ke7 0-1

[Event "42nd Arco Festival 2020"]
[Site "Arco"]
[Date "2020.10.11"]
[Round "3.16"]
[White "Perman, Sergey"]
[Black "Prelati, Maurizio"]
[Result "1-0"]
[WhiteElo "2154"]
[BlackElo "1900"]
[Annotator "ChessBase"]
[PlyCount "80"]
[EventDate "2020.10.10"]
[EventType "swiss"]
[EventCountry "ITA"]
[SourceTitle "playchess.com"]
[Source "ChessBase"]
[SourceQuality "1"]
[TimeControl "40/5400+30:1800+30"]

1. e4 c5 2. Nc3 g6 3. g3 Nc6 4. Bg2 Bg7 5. Nge2 e5 6. O-O Nge7 7. d3 d6 8. Be3 Nd4 9. f4 O-O 10. Qd2 Rb8 11. a4 Be6 12. fxe5 dxe5 13. Nb5 a6 14. Nbxd4 cxd4 15. Bh6 Rc8 16. Bxg7 Kxg7 17. c4 dxc3 18. bxc3 Bc4 19. Rfd1 Qb6+ 20. Kh1 Rfd8 21. Rab1 Qc7 22. Qe3 Be6 23. d4 Bg4 24. Bf3 Bxf3+ 25. Qxf3 Nc6 26. Rf1 Qe7 27. d5 Na5 28. Qd3 Rc4 29. Rf3 Rd6 30. Rb4 Rc8 31. Kg2 Qc7 32. Qb1 Rd7 33. c4 Qc5 34. Nc1 Nxc4 35. Nd3 Ne3+ 36. Kh3 Nc2 37. Nxc5 Ne3 38. Nd3 Nc4 39. Kg2 Nd2 40. Rxb7 Nc4 1-0

[Event "42nd Arco Festival 2020"]
[Site "Arco"]
[Date "2020.10.11"]
[Round "3.17"]
[White "Kostov, Kiril"]
[Black "Rozman, Monika"]
[Result "0-1"]
[WhiteElo "1894"]
[BlackElo "2129"]
[Annotator "ChessBase"]
[PlyCount "64"]
[EventDate "2020.10.10"]
[EventType "swiss"]
[EventCountry "ITA"]
[SourceTitle "playchess.com"]
[Source "ChessBase"]
[SourceQuality "1"]
[TimeControl "40/5400+30:1800+30"]

1. e4 e5 2. Nf3 Nc6 3. d4 exd4 4. Nxd4 Bc5 5. Be3 Qf6 6. Nb5 Bxe3 7. fxe3 Qh4+ 8. g3 Qxe4 9. Nxc7+ Kd8 10. Nxa8 Nf6 11. Nc3 Qxh1 12. Qd2 Re8 13. O-O-O Qf3 14. e4 Nxe4 15. Nxe4 Qxe4 16. Qg5+ f6 17. Qxg7 Qg6 18. Qxg6 hxg6 19. Bb5 Ne5 20. Bf1 b6 21. Bg2 Ba6 22. b3 Kc8 23. Rd6 Re6 24. Rd4 Bb7 25. Bh3 f5 26. Rh4 Re8 27. Nxb6+ axb6 28. Kb2 Be4 29. Rh6 Re6 30. Bf1 Kc7 31. h4 Rd6 32. Kc3 Rc6+ 0-1

[Event "42nd Arco Festival 2020"]
[Site "Arco"]
[Date "2020.10.12"]
[Round "3.17"]
[White "Hilbenz, Guntram"]
[Black "Briata, Federico"]
[Result "0-1"]
[WhiteElo "1862"]
[BlackElo "2090"]
[Annotator "NA"]
[PlyCount "22"]
[EventDate "2020.10.10"]
[EventType "swiss"]
[EventCountry "ITA"]
[SourceTitle "playchess.com"]
[Source "ChessBase"]
[SourceQuality "1"]
[TimeControl "40/5400+30:1800+30"]

1. c4 c5 2. g3 Nf6 3. Bg2 d5 4. cxd5 Nxd5 5. Nc3 Nc7 6. Nf3 Nc6 7. d3 e5 8. Nd2 Bd7 9. Nc4 b5 10. Ne3 Rc8 11. O-O Be7 0-1

[Event "42nd Arco Festival 2020"]
[Site "Arco"]
[Date "2020.10.13"]
[Round "4.1"]
[White "Moroni, Luca Jr"]
[Black "Nazarenus, Moritz"]
[Result "1-0"]
[WhiteElo "2551"]
[BlackElo "2224"]
[Annotator "TA"]
[PlyCount "38"]
[EventDate "2020.10.10"]
[EventType "swiss"]
[EventCountry "ITA"]
[SourceTitle "playchess.com"]
[Source "ChessBase"]
[SourceQuality "1"]

{[%evp 9,38,0,12,6,14,16,35,15,31,24,25,0,50,34,27,0,0,-3,56,18,42,47,68,60,65,55,325,344,477,474,592]} 1. c4 c6 2. Nf3 d5 3. e3 Nf6 4. Nc3 e6 5. b3 Nbd7 6. Qc2 {A11: English Opening: 1...c6.} Be7 7. Bb2 b6 8. Rg1 {[#] White is slightly better.} h5 $146 ({Predecessor:} 8... Bb7 9. g4 c5 10. g5 Ne4 11. Be2 O-O 12. h4 Re8 13. cxd5 exd5 14. h5 Nxg5 15. Nxg5 Bxg5 {½-½ (54) Gretarsson,H (2550)-Flick,A (2318) Helsingor 2016}) 9. h3 h4 $1 10. cxd5 exd5 11. O-O-O Bb7 12. Nd4 g6 13. f4 Qb8 ({Black should play} 13... a6 $11) 14. Bd3 Qd6 15. Nf3 Rh6 16. Kb1 (16. f5 $5 {[%cal Rf5g6]}) 16... Nc5 17. Be2 O-O-O $2 {[%mdl 8192] [#]} (17... Nce4 $14) 18. Ne5 $18 Rf8 19. b4 Qd8 {Av CentiPawn Loss W=-10/B=-51. Weighted=-11/-50} 1-0

[Event "42nd Arco Festival 2020"]
[Site "Arco"]
[Date "2020.10.13"]
[Round "4.2"]
[White "Dittmar, Peter"]
[Black "Siebrecht, Sebastian"]
[Result "1/2-1/2"]
[WhiteElo "2222"]
[BlackElo "2416"]
[Annotator "TA"]
[PlyCount "28"]
[EventDate "2020.10.10"]
[EventType "swiss"]
[EventCountry "ITA"]
[SourceTitle "playchess.com"]
[Source "ChessBase"]
[SourceQuality "1"]

{[%evp 9,28,32,23,23,33,21,32,20,26,5,116,114,128,125,112,110,119,65,85,93,111]} 1. c4 e5 2. g3 Nc6 3. Bg2 Bc5 4. Nc3 a6 5. e3 d6 6. Nge2 {A25: English Opening vs King's Indian with ...Nc6 but without early d3.} Nf6 7. d4 Ba7 8. O-O {White is slightly better.} Bf5 {[#]} 9. b4 $146 {[%cal Bb2b4,Bb4b5][%mdl 32]} ({Predecessor:} 9. a3 O-O 10. d5 Ne7 11. e4 Bd7 12. Bg5 Ng6 13. h3 {0-1 (13) Kevins,O (1969)-Wanjiru,M (1507) Nairobi 2015}) 9... Qd7 {[#]} (9... O-O $11) 10. b5 $1 $16 {[%cal Rb5c6]} axb5 11. cxb5 Nd8 12. dxe5 dxe5 13. Qxd7+ (13. Qa4 $16) 13... Bxd7 14. a4 c6 1/2-1/2

[Event "42nd Arco Festival 2020"]
[Site "Arco"]
[Date "2020.10.13"]
[Round "4.3"]
[White "Mantovani, Renzo"]
[Black "Rozman, Monika"]
[Result "1/2-1/2"]
[WhiteElo "2294"]
[BlackElo "2129"]
[Annotator "ChessBase"]
[PlyCount "84"]
[EventDate "2020.10.10"]
[EventType "swiss"]
[EventCountry "ITA"]
[SourceTitle "playchess.com"]
[Source "ChessBase"]
[SourceQuality "1"]
[TimeControl "40/5400+30:1800+30"]

1. e4 e5 2. Nf3 Nc6 3. Nc3 Nf6 4. Bb5 Bb4 5. O-O O-O 6. d3 d6 7. Bg5 Bxc3 8. bxc3 Ne7 9. Nh4 Ng6 10. Nxg6 fxg6 11. Bc4+ Kh8 12. f4 Qe8 13. Qd2 Be6 14. fxe5 Nxe4 15. dxe4 Bxc4 16. Rxf8+ Qxf8 17. Qd4 b5 18. exd6 Qxd6 19. a4 Re8 20. axb5 Qxd4+ 21. cxd4 h6 22. Bf4 Rxe4 23. Be5 Bxb5 24. c4 Bxc4 25. Rc1 Bb5 26. Rxc7 a6 27. Kf2 g5 28. Kf3 Re2 29. g4 a5 30. Bxg7+ Kh7 31. Be5+ Kg8 32. Rc5 Rb2 33. Ke4 a4 34. Rc8+ Kf7 35. Rc7+ Ke8 36. Ra7 Bd7 37. Ra8+ Ke7 38. Ra7 Rb3 39. Kd5 Rb5+ 40. Kc4 Rb2 41. Kd5 Rb5+ 42. Kc4 Rb2 1/2-1/2

[Event "42nd Arco Festival 2020"]
[Site "Arco"]
[Date "2020.10.13"]
[Round "4.4"]
[White "Perestjuk, Marko"]
[Black "Calavalle, Giulio"]
[Result "1/2-1/2"]
[WhiteElo "2124"]
[BlackElo "2229"]
[Annotator "ChessBase"]
[PlyCount "94"]
[EventDate "2020.10.10"]
[EventType "swiss"]
[EventCountry "ITA"]
[SourceTitle "playchess.com"]
[Source "ChessBase"]
[SourceQuality "1"]
[TimeControl "40/5400+30:1800+30"]

1. e4 c5 2. Nf3 a6 3. c3 d6 4. d4 cxd4 5. cxd4 g6 6. Nc3 Bg7 7. Be3 Nf6 8. h3 O-O 9. Bd3 Nc6 10. O-O b5 11. d5 Nb8 12. a4 b4 13. Ne2 a5 14. Ned4 Nfd7 15. Qc2 Nc5 16. Bb5 Ba6 17. Nd2 Bxd4 18. Bxd4 Bxb5 19. axb5 Qb6 20. e5 Qxb5 21. exd6 exd6 22. Nc4 Nb7 23. Ne3 Nd7 24. Qc6 Qxc6 25. dxc6 Nbc5 26. cxd7 Nxd7 27. Nc4 a4 28. Nxd6 Ra6 29. Ne4 Rc8 30. Rfc1 Rxc1+ 31. Rxc1 f5 32. Ng5 Kf8 33. Nf3 Ke7 34. Ne5 Nxe5 35. Bxe5 Ke6 36. f4 g5 37. g3 gxf4 38. gxf4 Kd5 39. Kf2 a3 40. bxa3 bxa3 41. Ke2 a2 42. Kd3 Rb6 43. Ra1 Rh6 44. Rh1 Rb6 45. Kc2 Ke4 46. h4 h5 47. Ra1 Ra6 1/2-1/2

[Event "42nd Arco Festival 2020"]
[Site "Arco"]
[Date "2020.10.13"]
[Round "4.5"]
[White "Romanishin, Oleg M"]
[Black "Poschadel, Andreas Gregor"]
[Result "1/2-1/2"]
[WhiteElo "2403"]
[BlackElo "1946"]
[Annotator "RC"]
[PlyCount "93"]
[EventDate "2020.10.10"]
[EventType "swiss"]
[EventCountry "ITA"]
[SourceTitle "playchess.com"]
[Source "ChessBase"]
[SourceQuality "1"]
[TimeControl "40/5400+30:1800+30"]

1. Nf3 Nf6 2. c4 g6 3. g3 Bg7 4. Bg2 O-O 5. O-O c6 6. d4 d6 7. b3 Qa5 8. Bb2 Qh5 9. Nbd2 Bh3 10. e4 Nbd7 11. Bxh3 Qxh3 12. Ng5 Qh5 13. Qxh5 Nxh5 14. f4 h6 15. Ngf3 Nhf6 16. h3 Ne8 17. e5 f5 18. Rad1 Nc7 19. Ba3 c5 20. Nb1 Rfd8 21. Rd2 b6 22. Rfd1 Bf8 23. Nc3 Ne6 24. Nd5 Kf7 25. Kg2 dxe5 26. dxe5 Nb8 27. h4 Nc6 28. Bb2 Bg7 29. Bc3 Rd7 30. a3 Rb8 31. Ne3 Rxd2+ 32. Rxd2 Rd8 33. Rxd8 Nexd8 34. b4 e6 35. bxc5 bxc5 36. Nd2 Bf8 37. Nb3 Nb7 38. Kf3 Be7 39. Ke2 Bd8 40. Kd3 Be7 41. Be1 h5 42. Nd1 Nb8 43. Bf2 Nd7 44. Nc3 a6 45. a4 Bd8 46. Be1 Bb6 47. Nd1 1/2-1/2

[Event "42nd Arco Festival 2020"]
[Site "Arco"]
[Date "2020.10.13"]
[Round "4.6"]
[White "Voltolini, Giuseppe"]
[Black "Sedina, Elena"]
[Result "1-0"]
[WhiteElo "2120"]
[BlackElo "2299"]
[Annotator "ChessBase"]
[PlyCount "81"]
[EventDate "2020.10.10"]
[EventType "swiss"]
[EventCountry "ITA"]
[SourceTitle "playchess.com"]
[Source "ChessBase"]
[SourceQuality "1"]
[TimeControl "40/5400+30:1800+30"]

1. d4 d5 2. c4 c6 3. Nf3 Nf6 4. e3 Bf5 5. Nc3 e6 6. Nh4 Be4 7. f3 Bg6 8. Qb3 Qc7 9. g3 Be7 10. Bd2 Nbd7 11. Be2 dxc4 12. Bxc4 b5 13. Be2 a6 14. Nxg6 hxg6 15. a4 b4 16. Ne4 Nxe4 17. fxe4 c5 18. O-O O-O 19. Rac1 a5 20. Bc4 Qd6 21. e5 Qb6 22. d5 Nxe5 23. dxe6 f6 24. e4 Nxc4 25. Qxc4 Ra6 26. Be3 Qxe6 27. Qxe6+ Rxe6 28. Bxc5 Rxe4 29. Bxe7 Rxe7 30. Rc5 Re5 31. Rxe5 fxe5 32. Rd1 e4 33. Rd4 e3 34. Re4 Rf2 35. b3 Re2 36. h4 Rc2 37. Rxe3 Rc3 38. Kf2 Rc2+ 39. Kf3 Kf7 40. Ke4 Ke6 41. Kd3+ 1-0